00513nam a2200205 a 4500001001300000003000900013005001700022008004100039020000900080082001700089100001900106245001200125260004000137300000900177500003500186505003400221650002200255650001100277700001900288nice12345678IN_TiNIC20260116013444.0050524s1992 dela grp 000 0 eng  ac4000a297.63bSAL1 aSalejee, E M H aSunnats aDelhibIdara Ishaat-E-Diniyatc1992 a138p aincludes index and biblioraphy2 aAppendix, Bibliography, Index aMuhammad, Prophet aSunnah1 aSalejee, E M H